The New Encyclopedia Ready Reference. (Record no. 2836)

MARC details
000 -LEADER
fixed length control field 00403nam a22001217a 4500
005 - DATE AND TIME OF LATEST TRANSACTION
control field 20200924145600.0
008 - FIXED-LENGTH DATA ELEMENTS--GENERAL INFORMATION
fixed length control field 200924b ||||| |||| 00| 0 eng d
020 ## - INTERNATIONAL STANDARD BOOK NUMBER
International Standard Book Number 0852295715
040 ## - CATALOGING SOURCE
Transcribing agency CML
245 ## - TITLE STATEMENT
Title The New Encyclopedia Ready Reference.
Statement of responsibility, etc. Encyclopedia Britannica, Inc
260 ## - PUBLICATION, DISTRIBUTION, ETC.
Place of publication, distribution, etc. Chicago
Name of publisher, distributor, etc. Encyclopedia Britannica, Inc
Date of publication, distribution, etc. 1974
942 ## - ADDED ENTRY ELEMENTS (KOHA)
Source of classification or shelving scheme Dewey Decimal Classification
Koha item type Books
Edition 15th Vol.8
Classification part 032
Call number prefix GEN REF
Call number suffix NEW
Holdings
Withdrawn status Lost status Source of classification or shelving scheme Damaged status Not for loan Home library Current library Date acquired Total Checkouts Full call number Date last seen Price effective from Koha item type
    Dewey Decimal Classification     Chalimbana Main Library Chalimbana Main Library 09/24/2020   GEN REF030NEW 09/24/2020 09/24/2020 Books

Powered by Koha